Statistics for U.S States without Capital Punishment

Click here to take the quiz!

General Stats

  • This quiz has been taken 33 times
  • The average score is 14 of 20

Answer Stats

AbolishedAnswer% Correct
2007New York
95%
2007New Jersey
89%
1957Hawaii
84%
1887Maine
84%
2018Washington
84%
1957Alaska
79%
1964Vermont
79%
2012Connecticut
74%
2016Delaware
74%
2011Illinois
74%
1846Michigan
74%
1984Rhode Island
74%
2013Maryland
68%
1965Iowa
58%
1984Massachusetts
58%
1911Minnesota
58%
2009New Mexico
58%
1853Wisconsin
58%
1973North Dakota
53%
1965West Virginia
53%

Score Distribution

Percentile by Number Answered

Percent of People with Each Score

Your Score History

You have not taken this quiz